00638nam a2200181Ia 4500001002400000003000900024008004100033040002300074041001300097100001900110245010400129250001500233260002600248300002500274490001600299501012400315520001700439888.8-COL gi sa (17422)IT-MiSPE171229s9999||||xx |||||||||||||| ||und|| aIT-MiSPEcIT-MiSPE aITALIANO aGiorgio Colli  0aLa sapienza grecabII. Epimenide, Ferecide, Talete, Anassimandro, Anassimene, Onomacrito, Teofrasto a1a ed. (v) aMilanobAdelphic1992 a352 p. [3 v.]c20 cm aAdelphiv33 aEdizioni San Paolo srl - Piazza Soncino, 5 - 20092 CINISELLO BALSAMO (MI) (non commercial uses only) ® Copyright 2018 aEd. bilingue